| 000 | 02190nam0a2200385 i 4500 | ||
|---|---|---|---|
| 001 | RU\NLR\BIBL_A\010815914 | ||
| 005 | 20260531070546.0 | ||
| 010 | _a9785990655614 | ||
| 021 |
_aRU _b2015-50557 _92994 |
||
| 035 | _a(NILC)RuMoRGB-007972948 | ||
| 035 | _a(NLR Aleph) 010815914 | ||
| 090 |
_a10223849 _c10223849 |
||
| 100 | _a20150812d2015 um y0rusy50 ca | ||
| 101 | 1 | _arus | |
| 102 | _aRU | ||
| 105 | _aac||z||||11ay | ||
| 200 | 1 |
_aЗавещание _e[каталог выставки, посвященной 90-летию Р. Гамзатова _fавт. вступ. ст.: засл. работник культуры РД Салихат Гамзатова _gстихи Р. Гамзатова] |
|
| 210 |
_aМахачкала _cМастер _d2015 |
||
| 215 |
_a101, [2] с. _cцв. ил., портр. _d23 |
||
| 300 | _aВ надзаг.: М-во культуры Респ. Дагестан, Даг. музей изобраз. искусств им. П. С. Гамзатовой | ||
| 320 | _aБиблиогр. в подстроч. примеч. | ||
| 601 | 0 | 2 |
_aДагестанский музей изобразительных искусств им. П. С. Гамзатовой _cМахачкала, город _jКаталоги _92251727 _3RU\NLR\AUTH\6601581142 |
| 686 | 1 | _aЩ101.3(2Р)-2Махачкала2Музей изобразительных искусств им. П. С. Гамзатовой | |
| 686 | 2 | _aШ6(2=Ав)7-5 | |
| 702 | 1 |
_4570 _8rus _7ca _aГамзатов _bР. Г. _gРасул Гамзатович _f1923-2003 _3RU\NLR\AUTH\7731147 _914158 |
|
| 711 | 1 | 2 |
_a"Завещание", выставка _eМахачкала _f2013 _9481232 _3RU\NLR\AUTH\880407502 |
| 712 | 0 | 2 |
_4570 _aДагестанский музей изобразительных искусств им. П. С. Гамзатовой _cМахачкала _3RU\NLR\AUTH\880407498 _9481224 |
| 801 | 0 |
_aRU _bРГБ _c20150709 _gRCR |
|
| 942 | _cBOOK | ||
| 980 | _aNBR | ||